LEADER 00965nam0-22003131i-450- 001 990003053440403321 035 $a000305344 035 $aFED01000305344 035 $a(Aleph)000305344FED01 035 $a000305344 100 $a20000920d--------km-y0itay50------ba 101 0 $aita 102 $aIT 200 1 $a<>East Asian Financial Crisis$eA Reflection on its Causes, Consequences and Policy Implications$fStephany Griffith-Jones$gwith Jacques Cailloux and Stephan Pfaffenzeller 225 1 $aIDS discussion paper$v367 610 0 $aAsia orientale$aCrisi economiche 676 $aF/1.32 676 $aJ/1.510 702 1$aCailloux,$bJacques 702 1$aGriffith-Jones,$bStephany$f<1947- > 702 1$aPfaffenzeller,$bStephan 801 0$aIT$bUNINA$gRICA$2UNIMARC 901 $aBK 912 $a990003053440403321 952 $aPaper$fSES 959 $aSES 996 $aEast Asian Financial Crisis$9465639 997 $aUNINA DB $aING01 LEADER 01127nam2-2200349---450 001 990005665210203316 005 20200507125012.0 035 $a000566521 035 $aUSA01000566521 035 $a(ALEPH)000566521USA01 035 $a000566521 100 $a20050401d1913----|||y0itaa50------ba 101 $alat 102 $ait 105 $a0 00||| 200 1 $a<<1: >> Logicam et metaphysicam generalem complectens$fa p. Laurentio Guidi 210 $aFlorentiae$cLibreria editrice fiorentina$d1913 215 $aVIII, 323 p.$d22 cm 461 0$1001000566520$12001$aPrincipia philosophica Aristotelis divique Thomae fere verbis expressa atque ad scholarum usum disposita$v1 620 $dFIRENZE 676 $a185 700 1$aGUIDI,$bLorenzo$0615275 801 0$aIT$bSA$c20111219 912 $a990005665210203316 950 0$aDipar.to di Filosofia - Salerno$dDFAA 185 GUI$e2036 FIL 951 $aAA 185 GUI$b2036 FIL 959 $aBK 969 $aFIL 979 $c20121027$lUSA01$h1525 979 $c20121027$lUSA01$h1615 996 $aLogicam et metaphysicam generalem complectens$91084742 997 $aUNISA LEADER 01576nas 2200409 n 450 001 990009003980403321 005 20240229084554.0 011 $a0025-7079 035 $a000900398 035 $aFED01000900398 035 $a(Aleph)000900398FED01 035 $a000900398 091 $2CNR$aP 00021396 100 $a20090724a19639999km-y0itaa50------ba 101 0 $aeng 110 $aauu-------- 200 1 $aMedical care 207 1$a1963- 210 $aPhiladelphia$cLippincott. 326 $aMensile 452 0$12001$aMedical care 530 0 $aMedical care 675 $a616-08 675 $a362.1 675 $a361.1 676 $a362.1/0973 712 02$aAmerican public health association :$bMedical care section 801 0$aIT$bACNP$c20090723 859 4 $uhttp://acnp.cib.unibo.it/cgi-ser/start/it/cnr/dc-p1.tcl?catno=13182&person=false&language=ITALIANO&libr=&libr_th=unina1$zBiblioteche che possiedono il periodico 901 $aSE 912 $a990009003980403321 958 $aBiblioteca Centrale della Facoltà di Medicina e Chirurgia di Napoli " Federico II "$b1988-1993;$fFMEBC 959 $aFMEBC 996 $aMedical care$9791638 997 $aUNINA AP1 8 $6866-01$aNA206 Biblioteca Centrale della Facoltà di Medicina e Chirurgia di Napoli " Federico II "$eVia Sergio Pansini, 5, 80131 Napoli (NA)$m0817463408$m0817463465/08$nit AP2 40$aacnp.cib.unibo.it$nACNP Italian Union Catalogue of Serials$uhttp://acnp.cib.unibo.it/cgi-ser/start/it/cnr/df-p.tcl?catno=13182&language=ITALIANO&libr=&person=&B=1&libr_th=unina&proposto=NO